• 首页
  • 本馆介绍
  • 公告通知
  • 最新文献
  • 馆藏检索
  • 电子资源
  • 读者导购
  • 参考咨询
  • 我的图书馆
  • 登录
  • 详细信息显示
  • 放入我的书架
  • 预约/预借图书
  • 作者相关作品
  • 分类相关作品
  • 丛书相关作品
  • 出版社相关作品

书目信息

  • 表格格式
  • 工作单格式
  • 卡片格式
题名:
谋略通鉴
    
 
作者: 刘庭华 编著
分册:  
出版信息: 北京   红旗出版社  1996
页数: 444页
开本: 19cm
丛书名:
单 册:
中图分类: E89 , E8
科图分类:
主题词: 战略 , 战役 , 战术
电子资源:
ISBN: 7-80068-934-4
000 00562nam0 2200229 450
001 1259536294
005 20121003163312.28
010    @a7-80068-934-4@dCNY19.80
100    @a19970306d1997 mk y0chiy0110 ea
101 0  @achi
105    @ay 000yy
200 1  @a谋略通鉴@Amou lue tong jian@f刘庭华编著
210    @a北京@c红旗出版社@d1996
215    @a444页@d19cm
606 0  @a战略
606 0  @a战役
606 0  @a战术
690    @aE89@v3
690    @aE8@v4
701  0 @a刘庭华@Aliu ting hua@4编著
801  0 @aCN@bNLC@c20101222
905    @a10447@dE8@eJY20
    
    谋略通鉴/刘庭华编著.-北京:红旗出版社,1996
    444页;19cm
    
    
    ISBN 7-80068-934-4:CNY19.80
    
●
相关链接 在E读中查询图书 在五车中查询图书 在当当中查询图书 在豆瓣中查询图书


正题名:谋略通鉴     索取号:E8/JY20         预约/预借

序号 登录号 条形码 馆藏地/架位号 状态 备注
1 7813244   278132441   学院路分馆/ [索取号:E8/JY20] 在馆    
2 7813245   278132450   学院路分馆/ [索取号:E8/JY20] 在馆    
3 7813246   278132469   学院路分馆/ [索取号:E8/JY20] 在馆    
4 7813247   278132478   学院路分馆/ [索取号:E8/JY20] 在馆    
唐山师范学院图书馆 欢迎您!
大连网信软件有限公司© 版权所有